[Event "AUTO-OPEN-1756"]
[Site "http://www.queenalice.com/game.php?id=757055"]
[Date "2010.4.6"]
[Round "2"]
[White "BIGJACK"]
[Black "mds"]
[Result "0-1"]
[WhiteElo "1843"]
[BlackElo "2376"]

1. e4 e5 2. Nf3 Nc6 3. Bc4 Be7 4. Nc3 Nf6 5. d4 d6 6. dxe5 dxe5 7. O-O Qxd1 8.
Rxd1 O-O 9. Bg5 Bg4 10. Rd3 Nb4 11. Rd2 Bxf3 12. gxf3 Rad8 13. Re2 Nc6 14. Bxf6
Bxf6 15. Nd5 Nd4 16. Nxf6+ gxf6 17. Kf1 Nxe2 18. Kxe2 Rd7 19. Rg1+ Kh8 20. h4
Rg8 21. Rf1 h6 22. a4 Rg2 23. b4 Rh2 24. Bd5 c6 25. Bc4 Rxh4 26. b5 f5 27. bxc6
bxc6 28. Bb3 fxe4 29. fxe4 Rxe4+ 30. Kf3 Rf4+ 31. Kg2 Rd2 32. a5 Kg7 33. Kg3 h5
34. Kg2 h4 0-1

[Event "AUTO-OPEN-1756"]
[Site "http://www.queenalice.com/game.php?id=757056"]
[Date "2010.4.6"]
[Round "2"]
[White "mds"]
[Black "BIGJACK"]
[Result "1-0"]
[WhiteElo "2375"]
[BlackElo "1849"]

1. c4 e5 2. Nc3 Nf6 3. g3 Nc6 4. Bg2 Bb4 5. a3 Bc5 6. e3 a6 7. Nge2 O-O 8. d4
exd4 9. exd4 Be7 10. b4 b6 11. b5 axb5 12. cxb5 Bb7 13. bxc6 dxc6 14. O-O Bd6
15. Qc2 Ba6 16. Bxc6 Rb8 17. Re1 Bb7 18. Bxb7 Rxb7 19. Bg5 h6 20. Bxf6 Qxf6 21.
Ne4 Qg6 22. Qc6 Rbb8 23. Nxd6 Qxd6 24. Qxd6 cxd6 25. Rab1 Rfe8 26. Nf4 Red8 27.
Nd5 1-0

[Event "GimoDomi-ITALY"]
[Site "http://www.queenalice.com/game.php?id=757059"]
[Date "2010.4.6"]
[Round "2"]
[White "fosdunc"]
[Black "mds"]
[Result "1/2-1/2"]
[WhiteElo "2347"]
[BlackElo "2376"]

1. e4 e5 2. Nf3 Nc6 3. d4 exd4 4. Bc4 Bc5 5. O-O d6 6. c3 dxc3 7. Qb3 Qd7 8. Re1
Na5 9. Qxc3 Nxc4 10. Qxg7 f6 11. Qxh8 Qf7 12. b3 Bg4 13. bxc4 Bxf3 14. gxf3 Bd4
15. Be3 Bxa1 16. Kh1 O-O-O 17. Rg1 Qxc4 18. a4 1/2-1/2

[Event "AUTO-MASTER-863"]
[Site "http://www.queenalice.com/game.php?id=774346"]
[Date "2010.5.12"]
[Round "2"]
[White "Whitecharger"]
[Black "mds"]
[Result "1-0"]
[WhiteElo "2401"]
[BlackElo "2398"]

1. d4 Nf6 2. c4 e6 3. g3 d5 4. Bg2 Be7 5. Nf3 O-O 6. Nc3 dxc4 7. Ne5 c5 8. dxc5
Qxd1+ 9. Nxd1 Bxc5 10. Nxc4 Nc6 11. Nc3 e5 12. Bxc6 bxc6 13. Nxe5 Re8 14. Nd3
Bd4 15. Be3 Bxe3 16. fxe3 Rxe3 17. Rd1 Rb8 18. O-O Bg4 19. Rd2 Rbe8 20. Nc1 h5
21. Rf4 Kf8 22. Ra4 R3e7 23. Rc4 Re6 24. Rc5 R8e7 25. Rd8+ Re8 26. Rxe8+ Kxe8
27. Kf2 g6 28. Nd3 Nd5 29. Nf4 Nxf4 30. gxf4 Kd8 31. e4 Kc7 32. Ke3 Kb7 33. Ra5
Rd6 34. Re5 Rd7 35. b4 Kc7 36. f5 Kd6 37. Rc5 Re7 38. Kf4 gxf5 39. exf5 Kd7 40.
Ne4 1-0

[Event "AUTO-MASTER-863"]
[Site "http://www.queenalice.com/game.php?id=774347"]
[Date "2010.5.12"]
[Round "2"]
[White "mds"]
[Black "Whitecharger"]
[Result "1/2-1/2"]
[WhiteElo "2392"]
[BlackElo "2369"]

1. e4 e6 2. Qe2 c5 3. g3 Nc6 4. c3 g6 5. Bg2 Bg7 6. f4 Nge7 7. Nf3 d5 8. d3 b6
9. O-O Ba6 10. e5 h5 11. Rd1 Nf5 12. Na3 Qe7 13. Nc2 O-O-O 14. b4 Kb8 15. Ba3
cxb4 16. Nxb4 Qc5+ 17. Qf2 Qxf2+ 18. Kxf2 Bb7 19. Nxc6+ Bxc6 20. Rab1 Rc8 21.
Rdc1 Bh6 22. Nd4 Nxd4 23. cxd4 Kc7 24. h4 Kd7 25. Ke3 Ba4 26. Kd2 Rxc1 27. Rxc1
Rc8 28. Rxc8 Kxc8 29. Bf3 Bc6 30. Bd1 Kd8 31. Bd6 Ke8 32. Bb8 Kd7 33. Bd6 Bg7
1/2-1/2

[Event "CesarLMarques"]
[Site "http://www.queenalice.com/game.php?id=790393"]
[Date "2010.6.15"]
[Round "4"]
[White "mds"]
[Black "arauca"]
[Result "1-0"]
[WhiteElo "2391"]
[BlackElo "2231"]

1. d4 Nf6 2. Nf3 g6 3. Nc3 d5 4. Bg5 Bg7 5. Bxf6 Bxf6 6. e4 dxe4 7. Nxe4 Nd7 8.
Nxf6+ Nxf6 9. h3 O-O 10. Bc4 Bf5 11. O-O Be4 12. c3 c6 13. Re1 Bd5 14. Bb3 e6
15. Ne5 Bxb3 16. axb3 Kg7 17. Qd3 Nd7 18. Nc4 Nb6 19. Qg3 Nxc4 20. bxc4 a6 21.
b4 Re8 22. h4 h5 23. Ra5 Kh7 24. Ree5 b5 25. Rc5 Qd7 26. Qf3 Rec8 27. cxb5 cxb5
28. Rxc8 Rxc8 29. Rxa6 Qc7 30. Ra5 Kg7 31. Rxb5 Qxc3 32. Qe3 Qc1+ 33. Kh2 Rc3
34. Qe5+ Kh7 35. Qf6 Qf4+ 36. Qxf4 1-0

[Event "AUTO-OPEN-4022"]
[Site "http://www.queenalice.com/game.php?id=1558359"]
[Date "2019.1.28"]
[Round "1"]
[White "CTCHESS2020"]
[Black "mds"]
[Result "0-1"]
[WhiteElo "1909"]
[BlackElo "2368"]

1. c4 e5 2. Nc3 Nc6 3. Nf3 Nf6 4. d3 d5 5. cxd5 Nxd5 6. g3 f6 7. Bg2 Be6 8. O-O
Qd7 9. Nxd5 Bxd5 10. Be3 Be7 11. a3 O-O 12. b4 a6 13. Rc1 Kh8 0-1

[Event "AUTO-OPEN-4022"]
[Site "http://www.queenalice.com/game.php?id=1558360"]
[Date "2019.1.28"]
[Round "1"]
[White "mds"]
[Black "CTCHESS2020"]
[Result "1-0"]
[WhiteElo "2369"]
[BlackElo "1907"]

1. e4 c6 2. d4 d5 3. Nc3 dxe4 4. Nxe4 Bf5 5. Ng3 Bg6 6. Nf3 Nd7 7. h4 h6 8. h5
Bh7 9. Bd3 Bxd3 10. Qxd3 e6 11. Bd2 Qc7 12. Kf1 Ngf6 13. Re1 Be7 14. b4 1-0

[Event "AUTO-OPEN-4022"]
[Site "http://www.queenalice.com/game.php?id=1558387"]
[Date "2019.1.28"]
[Round "1"]
[White "mds"]
[Black "Asspain"]
[Result "1-0"]
[WhiteElo "2366"]
[BlackElo "1336"]

1. Nf3 Nf6 2. b3 b6 3. g3 Bb7 4. Bg2 e6 5. O-O Be7 6. Bb2 O-O 7. c4 c5 8. Nc3 d5
9. cxd5 Nxd5 10. Re1 Nc6 11. d4 cxd4 12. Nxd5 exd5 13. Nxd4 Bb4 14. Nxc6 Bxc6
15. Qd4 1-0

[Event "AUTO-OPEN-4022"]
[Site "http://www.queenalice.com/game.php?id=1558388"]
[Date "2019.1.28"]
[Round "1"]
[White "Asspain"]
[Black "mds"]
[Result "0-1"]
[WhiteElo "1550"]
[BlackElo "2369"]

1. e4 c5 2. Nc3 Nc6 3. g3 g6 4. Bg2 Bg7 5. Nh3 d6 6. O-O Bxh3 7. Bxh3 e6 8. d3
Nge7 9. f4 f5 10. Be3 b6 11. g4 O-O 12. gxf5 exf5 13. Qd2 Bd4 14. Bxd4 Nxd4 15.
Nd5 Nxd5 16. exd5 Qh4 17. Bg2 Rae8 18. Qf2 Qxf2+ 19. Rxf2 Nb5 20. Kf1 Re3 21.
Re1 Rfe8 22. Rxe3 Rxe3 23. Re2 Rxe2 24. Kxe2 Kf7 25. Kd2 Kf6 26. h4 h6 27. c3 g5
28. hxg5+ hxg5 29. a4 Nc7 30. Ke3 Na6 31. Bf1 Nc7 32. Bg2 a6 33. b4 cxb4 34.
cxb4 a5 35. b5 Ne8 36. Bh3 Ng7 37. fxg5+ Kxg5 38. Kf3 Nh5 39. Bxf5 Kxf5 0-1

[Event "AUTO-OPEN-4022"]
[Site "http://www.queenalice.com/game.php?id=1558389"]
[Date "2019.1.28"]
[Round "1"]
[White "mds"]
[Black "thbn"]
[Result "1-0"]
[WhiteElo "2368"]
[BlackElo "1674"]

1. Nf3 Nc6 2. d4 d5 3. Bf4 Nf6 4. e3 Bf5 5. Bb5 e6 6. Ne5 Bd6 7. Nxc6 bxc6 8.
Bxc6+ Ke7 9. Bxa8 Qxa8 10. Bxd6+ Kxd6 11. O-O Ke7 12. f3 h5 13. Qd2 Kd7 14. Na3
c6 15. c4 Nh7 16. Rac1 g5 17. cxd5 exd5 18. e4 Be6 19. exd5 Bxd5 20. Nc4 Rg8 21.
Ne5+ Ke7 22. Qb4+ Kd8 23. Qd6+ Kc8 24. Nxc6 Bxc6 25. Rxc6+ Kb7 26. Rc7+ Kb8 27.
Rxf7+ Kc8 28. Rc7+ Kb8 29. Rxh7+ Kc8 30. Qc7# 1-0

[Event "AUTO-OPEN-4022"]
[Site "http://www.queenalice.com/game.php?id=1558390"]
[Date "2019.1.28"]
[Round "1"]
[White "thbn"]
[Black "mds"]
[Result "0-1"]
[WhiteElo "1676"]
[BlackElo "2367"]

1. e4 c5 2. d4 cxd4 3. Nf3 e6 4. c3 d3 5. Bxd3 d6 6. O-O Nf6 7. Bg5 Be7 8. Nbd2
a6 9. Re1 Nc6 10. Nc4 b5 11. Ne3 h6 12. Bxf6 Bxf6 13. Qc2 Qc7 14. Rac1 O-O 15.
Ng4 Be7 16. e5 dxe5 17. Ngxe5 Nxe5 18. Nxe5 Bb7 19. Re3 Bd6 20. f4 Bc5 21. Bh7+
Kh8 22. Re1 Rad8 23. f5 Qxe5 24. fxe6 Bxe3+ 25. Kh1 fxe6 26. Bd3 Rf6 27. b4 Rdf8
28. a3 Bb6 29. Rxe5 Rf1+ 30. Bxf1 Rxf1# 0-1

[Event "AUTO-ELITE-2081"]
[Site "http://www.queenalice.com/game.php?id=1558519"]
[Date "2019.1.28"]
[Round "1"]
[White "IVAN37"]
[Black "mds"]
[Result "0-1"]
[WhiteElo "1739"]
[BlackElo "2370"]

1. d4 Nf6 2. c4 e6 3. Nc3 Bb4 4. Qc2 c5 5. a3 Bxc3+ 6. Qxc3 cxd4 7. Qxd4 Nc6 8.
Qd1 d5 9. Nf3 dxc4 10. Qc2 h6 11. Qxc4 O-O 12. e4 e5 13. Be2 Qc7 14. O-O Be6 15.
Qc2 Rac8 16. Be3 Bg4 17. Rac1 Bxf3 0-1

[Event "AUTO-ELITE-2081"]
[Site "http://www.queenalice.com/game.php?id=1558520"]
[Date "2019.1.28"]
[Round "1"]
[White "mds"]
[Black "IVAN37"]
[Result "1-0"]
[WhiteElo "2371"]
[BlackElo "1737"]

1. Nf3 d5 2. g3 Nf6 3. Bg2 c6 4. O-O g6 5. b3 Bg7 6. Bb2 O-O 7. d3 Nbd7 8. Nbd2
e6 9. c4 Re8 10. Qc2 Nb6 11. e4 Qc7 12. Rac1 dxc4 13. dxc4 e5 14. c5 Nbd7 15. b4
Nf8 16. Nc4 N6d7 17. Nd6 Re7 18. Rfd1 1-0

[Event "AUTO-ELITE-2081"]
[Site "http://www.queenalice.com/game.php?id=1558527"]
[Date "2019.1.28"]
[Round "1"]
[White "mds"]
[Black "Sexxy_Bunny"]
[Result "0-1"]
[WhiteElo "2370"]
[BlackElo "2778"]

1. Nf3 Nf6 2. g3 g6 3. b3 Bg7 4. Bb2 O-O 5. Bg2 d6 6. O-O e5 7. c4 c6 8. d3 Nbd7
9. Nc3 Re8 10. Qc2 a6 11. e3 Rb8 12. Rad1 b5 13. Nd2 Qc7 14. Nce4 Bb7 15. Nxf6+
Nxf6 16. d4 exd4 17. Bxd4 c5 18. Ba1 Bxg2 19. Kxg2 Qb7+ 0-1

[Event "AUTO-ELITE-2081"]
[Site "http://www.queenalice.com/game.php?id=1558528"]
[Date "2019.1.28"]
[Round "1"]
[White "Sexxy_Bunny"]
[Black "mds"]
[Result "1-0"]
[WhiteElo "2779"]
[BlackElo "2369"]

1. e4 c5 2. Nf3 Nf6 3. e5 Nd5 4. Nc3 Nxc3 5. dxc3 d5 6. exd6 Qxd6 7. Qxd6 exd6
8. Bf4 Bf5 9. O-O-O Nc6 10. Bc4 f6 11. Bxd6 O-O-O 12. Bg3 Rxd1+ 13. Rxd1 Be7 14.
Re1 Rd8 15. Bb5 Bf8 16. Bxc6 bxc6 17. h4 h6 18. c4 g5 19. b3 Kb7 20. a4 1-0

[Event "AUTO-OPEN-4022"]
[Site "http://www.queenalice.com/game.php?id=1575583"]
[Date "2019.6.26"]
[Round "2"]
[White "mds"]
[Black "jesuskatz"]
[Result "0-1"]
[WhiteElo "2372"]
[BlackElo "2425"]

1. d4 Nf6 2. Nf3 d5 3. Bf4 c5 4. e3 Nc6 5. c3 Qb6 6. Qb3 c4 7. Qxb6 axb6 8. Na3
Bf5 9. Nh4 Bd7 10. Nf3 Na7 11. Ne5 Bf5 12. f3 h5 13. Be2 b5 14. O-O h4 15. Bg5
e6 16. b4 h3 17. g4 Bh7 18. Bf4 Be7 19. Kf2 g5 20. Bg3 Ng8 21. f4 Nf6 22. Bf3
Ne4+ 23. Bxe4 Bxe4 24. fxg5 Bxg5 0-1

[Event "AUTO-OPEN-4022"]
[Site "http://www.queenalice.com/game.php?id=1575584"]
[Date "2019.6.26"]
[Round "2"]
[White "jesuskatz"]
[Black "mds"]
[Result "1-0"]
[WhiteElo "2432"]
[BlackElo "2362"]

1. e4 c5 2. Nf3 Nc6 3. d4 cxd4 4. Nxd4 e5 5. Nb5 d6 6. N1c3 a6 7. Na3 b5 8. Nd5
Nf6 9. Bg5 Be7 10. Bxf6 Bxf6 11. c3 O-O 12. Nc2 Bg5 13. a4 bxa4 14. Rxa4 Kh8 15.
Bc4 f5 16. h4 Bh6 17. exf5 Bxf5 18. Nce3 Bc8 19. Ng4 Bxg4 20. Qxg4 Rb8 21. Ra2
a5 22. Qe4 Ne7 23. Nxe7 Qxe7 24. g3 1-0